Del árbol del olvido : (Registro nro. 48806)
[ vista simple ]
| 000 -CABECERA | |
|---|---|
| campo de control de longitud fija | 00914nam a2200241 a 4500 |
| 001 - NÚMERO DE CONTROL | |
| campo de control | |
| 003 - IDENTIFICADOR DEL NÚMERO DE CONTROL | |
| campo de control | DO-SdBNP |
| 005 - FECHA Y HORA DE LA ÚLTIMA TRANSACCIÓN | |
| campo de control | 20250204092151.0 |
| 007 - CAMPO FIJO DE DESCRIPCIÓN FÍSICA--INFORMACIÓN GENERAL | |
| campo de control de longitud fija | ta |
| 008 - DATOS DE LONGITUD FIJA--INFORMACIÓN GENERAL | |
| campo de control de longitud fija | 091202s1973 dr 001 0 sspad |
| 040 ## - FUENTE DE LA CATALOGACIÓN | |
| Centro catalogador/agencia de origen | DO-SdBNP |
| Lengua de catalogación | spa |
| Centro/agencia transcriptor | BNPHU |
| 082 #4 - NÚMERO DE LA CLASIFICACIÓN DECIMAL DEWEY | |
| Número de clasificación | RD868.44 |
| Número de documento/Ítem | J94a, 1973 |
| Número de edición | 22 |
| 100 1# - ENTRADA PRINCIPAL--NOMBRE DE PERSONA | |
| Nombre de persona | Julia, Julio Jaime |
| Fechas asociadas al nombre | 1922-1993 |
| 9 (RLIN) | 20185 |
| 245 10 - MENCIÓN DE TÍTULO | |
| Título | Del árbol del olvido : |
| Resto del título | (aporte a la bibliografía de Ligio Vizardi) / |
| Mención de responsabilidad, etc. | Julio Jaime Julia. |
| 260 ## - PUBLICACIÓN, DISTRIBUCIÓN, ETC. | |
| Lugar de publicación, distribución, etc. | Santo Domingo : |
| Nombre del editor, distribuidor, etc. | Daf Hernández, |
| Fecha de publicación, distribución, etc. | 1973. |
| 300 ## - DESCRIPCIÓN FÍSICA | |
| Extensión | 619 p. : |
| Dimensiones | 23 cm. |
| 505 ## - NOTA DE CONTENIDO CON FORMATO | |
| Nota de contenido con formato | Indice -- |
| Título | Prefacio -- |
| -- | Poesías -- |
| -- | Discursos -- |
| -- | Trabajos galardonados -- |
| -- | Prosas -- |
| -- | Cartas -- |
| -- | Humorismo -- |
| -- | Cuentos -- |
| -- | Tributos a su memoria -- |
| 590 ## - NOTA LOCAL (RLIN) | |
| Nota local | Inventariado, 2019 /LP |
| 600 14 - PUNTO DE ACCESO ADICIONAL DE MATERIA--NOMBRE DE PERSONA | |
| Nombre de persona | Lizardi, Ligio, |
| Fechas asociadas al nombre | 1895-1968 |
| Subdivisión de forma | Colección de escritos |
| 9 (RLIN) | 82635 |
| 650 #0 - PUNTO DE ACCESO ADICIONAL DE MATERIA--TÉRMINO DE MATERIA | |
| Término de materia o nombre geográfico como elemento de entrada | Ensayos dominicanos |
| 9 (RLIN) | 65 |
| 910 ## - DATOS DE OPCIÓN DEL USUARIO (OCLC) | |
| Datos de opción del usuario | Validado. Control de calidad MFF |
| 942 ## - ELEMENTOS DE PUNTO DE ACCESO ADICIONAL (KOHA) | |
| Fuente del sistema de clasificación o colocación | Dewey Decimal Classification |
| Tipo de ítem Koha | Libro |
| Estado de retiro | Estado de pérdida | Fuente del sistema de clasificación o colocación | Restricciones de uso | No para préstamo | Código de colección | Localización permanente | Ubicación/localización actual | Ubicación en estantería | Fecha de adquisición | Fuente de adquisición | Signatura topográfica completa | Código de barras | Fecha visto por última vez | Precio válido a partir de | Tipo de ítem Koha |
|---|---|---|---|---|---|---|---|---|---|---|---|---|---|---|---|
| Dewey Decimal Classification | Excluido de préstamo | Patrimonio Dominicano | Biblioteca Nacional Pedro Henríquez Ureña | Biblioteca Nacional Pedro Henríquez Ureña | Depósito | 03.07.1973 | Donación | BNPHU PD RD868.44 J94a 1973 | 2020-0052 | 16.09.2020 | 16.09.2020 | Libro |
